| 000 | 00561nam a2200157 a 4500 | ||
|---|---|---|---|
| 001 | 000037997 | ||
| 005 | 20201002031140.0 | ||
| 008 | 130311s2008 dr 000 0 spa d | ||
| 040 |
_aDO-SdBNP _bspa _cBNPHU |
||
| 100 | 1 |
_aCarrión M. Fernándo _964403 |
|
| 245 | 1 | 0 |
_aInterrogatorio a la descentralización latinoamericana : _b25 años después / _cFernándo Carrión M. |
| 260 |
_aSanto Domingo : _bConsejo Nacional de Reforma del Estado, _c2008. |
||
| 300 |
_a33 p. ; _c22 cm. |
||
| 500 | _aIncluye notas al pie de las páginas | ||
| 504 | _aBibliografía : p. 33 | ||
| 999 |
_c37487 _d37487 |
||